Langue française: le jeu du dictionnaire #1 - Statistiques

Statistiques générales
  • Ce quiz a été pris 1 232 fois
  • Le résultat moyen est 12 sur 20
Statistiques - réponses
Catégorie Définition Réponse % Correct
Verbe Laisser tomber, renoncer Abandonner
91%
Nom Cri du chien Aboiement
89%
Nom Qui n'est pas présent Absent
86%
Nom Lieu où l'on peut se protéger de la pluie Abri
83%
Nom Formule magique Abracadabra
79%
Verbe Faire tomber un arbre par exemple Abattre
78%
Nom Partie du corps sous le thorax Abdomen
71%
Verbe Donner à boire Abreuver
71%
Nom Fruit charnu utilisé pour des confitures et des pâtisseries Abricot
71%
Nom Sert à tamiser la lumière d'une lampe Abat-jour
67%
Nom Supérieur de certains types de monastère Abbé
63%
Nom Assaut donné à un navire ennemi Abordage
63%
Verbe Laisser quelqu'un stupéfait Abasourdir
55%
Adjectif En grande quantité Abondant
53%
Adjectif Se dit d'un lieu à pente très raide Abrupt
50%
Verbe Rendre quelque chose plus court, raccourcir Abréger
43%
Adjectif Va à l'encontre de la logique; absurde Aberrant
33%
Nom Rite de purification par l'eau Ablution
29%
Verbe Avoir une issue favorable pour un projet, entre autres Aboutir
29%
Nom Gouffre naturel de profondeur insondable Abîme
28%
Aucun quiz correspondant
Distribution des résultats
% des personnes avec chaque résultat
Percentile par nombre de réponses
Votre historique - résultats
Vous n’avez pas pris ce quiz